000 00415nam a2200169Ia 4500
008 151213s9999 xx 000 0 und d
020 _a978-0-07064822-7
100 _aBalagrushamy
245 _aProgramming in ANSI C
_cBalagrushamy
250 _a4th
260 _aNew Delhi
_bTata MC Graw Hill
_c2007
300 _a7630 p.
650 _aComputer
650 _aComputer
700 _aBalagrushamy
999 _c4020
_d4020